00482nam a2200157Ia 450000500170000000800410001708200130005824500090007126000420008030000130012250000490013570000200018494200060020495200990021099900150030920250509071440.0240331s9999 xx 000 0 und d bAMMa894 0aAmma aChennaibKalaignaan Pathippagamc2004 a208 p ., a25 Short Stories of Sri Lankan Women Writers aJeeva, A. eedt cL 001040708LaWERCLbWERCLcSSCd2024-03-31l0o 894.811 AMMp1935r2024-03-31w2024-03-31yL c4386d4386